00745nam a2200217 a 450000100060000000300080000600500170001400800410003103500190007204000440009104100080013508200220014324501260016525000130029126000780030430000360038250400380041865000240045665000280048070000190050872247BD-RjUL20211209082232.0170516s1936 dcua 001 0 eng d a(BD-RjUL)72464 aGBCcGBCdOCLdOCLCQdMYGdBD-RjULbeng aeng 223a543bOFF 193600aOfficial and tentative methods of analysis of the Association of Official Agricultural Chemists /cedited by W.W. Skinner a4th ed.  aWashington, D.C. :bAssociation of Official Agricultural Chemists,cc1936 axviii, 710 p. :bill. ;c24 cm. aIncludes bibliography and index.  0aChemistry, Analytic 0aAgricultural chemistry. aSkinner, W.W.